[Event "MP do lat 16 - dziewczeta"]
[Site "Sypniewo"]
[Date "2022.03.25"]
[Round "7.4"]
[White "Oborska, Magda"]
[Black "Bukala, Weronika"]
[Result "1/2-1/2"]
[BlackElo "1801"]
[WhiteElo "1627"]
[LiveChessVersion "1.4.8"]

1. e4 {[%clk 1:30:57]} c5 {[%clk 1:30:27]} 2. Nf3 {[%clk 1:31:23]} d6
{[%clk 1:30:28]} 3. d4 {[%clk 1:31:46]} cxd4 {[%clk 1:30:53]} 4. Nxd4
{[%clk 1:32:12]} Nf6 {[%clk 1:30:59]} 5. Nc3 {[%clk 1:32:34]} a6 {[%clk 1:31:22]}
6. Be3 {[%clk 1:32:42]} e5 {[%clk 1:31:30]} 7. Nb3 {[%clk 1:32:41]} Be6
{[%clk 1:31:29]} 8. Bd3 {[%clk 1:31:32]} d5 {[%clk 1:26:24]} 9. Bc5
{[%clk 1:21:23]} Nbd7 {[%clk 1:02:33]} 10. Bxf8 {[%clk 1:20:22]} Kxf8
{[%clk 1:00:07]} 11. exd5 {[%clk 1:16:34]} Nxd5 {[%clk 0:59:58]} 12. Nxd5
{[%clk 1:16:04]} Bxd5 {[%clk 1:00:25]} 13. O-O {[%clk 1:09:44]} Qg5
{[%clk 0:57:47]} 14. f3 {[%clk 1:09:25]} Nf6 {[%clk 0:56:53]} 15. Qd2
{[%clk 1:07:32]} Qh4 {[%clk 0:54:20]} 16. Qf2 {[%clk 1:06:56]} Qxf2+
{[%clk 0:52:44]} 17. Rxf2 {[%clk 1:05:27]} h5 {[%clk 0:52:47]} 18. c4
{[%clk 1:04:28]} Bc6 {[%clk 0:47:01]} 19. Na5 {[%clk 1:03:19]} Rc8
{[%clk 0:47:15]} 20. Bf5 {[%clk 1:02:44]} Rc7 {[%clk 0:45:55]} 21. Re1
{[%clk 1:01:14]} g6 {[%clk 0:44:12]} 22. Bh3 {[%clk 1:00:42]} Bd7
{[%clk 0:43:55]} 23. Bxd7 {[%clk 0:57:54]} Nxd7 {[%clk 0:44:16]} 24. f4
{[%clk 0:53:39]} Nc5 {[%clk 0:41:35]} 25. Re3 {[%clk 0:50:37]} e4
{[%clk 0:40:31]} 26. f5 {[%clk 0:43:11]} Kg7 {[%clk 0:28:02]} 27. fxg6
{[%clk 0:33:04]} Kxg6 {[%clk 0:24:16]} 28. Rg3+ {[%clk 0:32:25]} Kh6
{[%clk 0:20:34]} 29. Rf6+ {[%clk 0:32:33]} Kh7 {[%clk 0:21:01]} 30. Rf5
{[%clk 0:32:41]} Kh6 {[%clk 0:20:49]} 31. Rf6+ {[%clk 0:11:37]} Kh7
{[%clk 0:21:11]} 32. Rf5 {[%clk 0:11:57]} 1/2-1/2

[Event "MP do lat 16 - dziewczeta"]
[Site "Sypniewo"]
[Date "2022.03.25"]
[Round "7.5"]
[White "Starosta, Martyna"]
[Black "Samol, Julia"]
[Result "1-0"]
[BlackElo "1317"]
[WhiteElo "1894"]
[LiveChessVersion "1.4.8"]

1. e4 {[%clk 1:30:57]} c5 {[%clk 1:30:57]} 2. Nf3 {[%clk 1:31:20]} e6
{[%clk 1:31:20]} 3. d4 {[%clk 1:31:45]} cxd4 {[%clk 1:31:45]} 4. Nxd4
{[%clk 1:32:11]} Nc6 {[%clk 1:32:06]} 5. Nc3 {[%clk 1:32:34]} Qc7
{[%clk 1:32:23]} 6. Be2 {[%clk 1:32:42]} Nf6 {[%clk 1:32:02]} 7. O-O
{[%clk 1:31:24]} Nxd4 {[%clk 1:29:57]} 8. Qxd4 {[%clk 1:31:12]} Bc5
{[%clk 1:30:22]} 9. Qd3 {[%clk 1:26:18]} h6 {[%clk 1:27:12]} 10. Qf3
{[%clk 1:16:27]} d6 {[%clk 1:14:29]} 11. h3 {[%clk 0:49:58]} O-O {[%clk 1:06:04]}
12. Bxh6 {[%clk 0:48:40]} gxh6 {[%clk 0:58:10]} 13. Qxf6 {[%clk 0:49:01]} Kh7
{[%clk 0:58:34]} 14. e5 {[%clk 0:42:36]} Rh8 {[%clk 0:47:00]} 15. Nb5
{[%clk 0:41:01]} Qd7 {[%clk 0:45:31]} 16. Nxd6 {[%clk 0:40:48]} Bxd6
{[%clk 0:45:45]} 17. exd6 {[%clk 0:41:12]} b6 {[%clk 0:44:06]} 18. Bb5
{[%clk 0:41:24]} 1-0

[Event "MP do lat 16 - dziewczeta"]
[Site "Sypniewo"]
[Date "2022.03.25"]
[Round "7.6"]
[White "Janikowska, Wiktoria"]
[Black "Obrochta, Lena"]
[Result "0-1"]
[BlackElo "1685"]
[WhiteElo "1564"]
[LiveChessVersion "1.4.8"]

1. c4 {[%clk 1:30:57]} e5 {[%clk 1:30:43]} 2. d3 {[%clk 1:31:17]} Nf6
{[%clk 1:29:42]} 3. Nf3 {[%clk 1:31:27]} Nc6 {[%clk 1:29:13]} 4. a3
{[%clk 1:31:09]} d5 {[%clk 1:29:18]} 5. cxd5 {[%clk 1:31:23]} Nxd5
{[%clk 1:29:05]} 6. e3 {[%clk 1:31:18]} Be7 {[%clk 1:26:14]} 7. b4
{[%clk 1:30:43]} Bf6 {[%clk 1:17:49]} 8. Ra2 {[%clk 1:28:30]} a6 {[%clk 1:15:03]}
9. Rc2 {[%clk 1:24:48]} O-O {[%clk 1:11:03]} 10. Bb2 {[%clk 1:22:42]} Nb6
{[%clk 1:04:06]} 11. Nc3 {[%clk 1:19:37]} Bf5 {[%clk 0:59:08]} 12. Be2
{[%clk 1:15:02]} Qe7 {[%clk 0:58:44]} 13. O-O {[%clk 1:10:09]} Rad8
{[%clk 0:54:51]} 14. Rd2 {[%clk 1:07:12]} e4 {[%clk 0:49:22]} 15. dxe4
{[%clk 1:06:20]} Bxe4 {[%clk 0:49:21]} 16. Nd4 {[%clk 0:35:10]} Nxd4
{[%clk 0:37:55]} 17. exd4 {[%clk 0:35:29]} Bg6 {[%clk 0:36:22]} 18. Kh1
{[%clk 0:25:56]} c6 {[%clk 0:33:16]} 19. Na4 {[%clk 0:18:03]} Nxa4
{[%clk 0:26:00]} 20. Qxa4 {[%clk 0:16:50]} Bg5 {[%clk 0:25:21]} 21. Qd1
{[%clk 0:12:52]} Bxd2 {[%clk 0:24:41]} 22. Qxd2 {[%clk 0:13:13]} Rfe8
{[%clk 0:24:20]} 23. Bc4 {[%clk 0:13:29]} b5 {[%clk 0:20:53]} 24. Bb3
{[%clk 0:12:44]} Qe2 {[%clk 0:20:27]} 25. Qxe2 {[%clk 0:12:09]} Rxe2
{[%clk 0:20:52]} 26. Bc3 {[%clk 0:12:15]} Bc2 {[%clk 0:20:56]} 27. Ba2
{[%clk 0:10:52]} Rde8 {[%clk 0:18:00]} 28. h3 {[%clk 0:10:16]} h6
{[%clk 0:18:13]} 29. Kh2 {[%clk 0:09:41]} Bd3 {[%clk 0:18:07]} 30. Rd1
{[%clk 0:09:44]} Rxa2 {[%clk 0:17:30]} 31. Rxd3 {[%clk 0:10:07]} Rxa3
{[%clk 0:17:55]} 32. Rg3 {[%clk 0:10:17]} g6 {[%clk 0:16:39]} 33. Rf3
{[%clk 0:10:05]} Re2 {[%clk 0:14:17]} 34. Kg3 {[%clk 0:10:20]} Rc2
{[%clk 0:13:52]} 35. Be1 {[%clk 0:10:35]} Rxf3+ {[%clk 0:13:28]} 36. Kxf3
{[%clk 0:10:54]} Kf8 {[%clk 0:12:36]} 37. Ke3 {[%clk 0:11:07]} Ke7
{[%clk 0:12:08]} 38. Kd3 {[%clk 0:11:25]} Rc4 {[%clk 0:12:12]} 39. Bc3
{[%clk 0:11:35]} Ke6 {[%clk 0:12:02]} 40. g4 {[%clk 0:41:35]} Kd5
{[%clk 0:40:09]} 41. f3 {[%clk 0:41:49]} g5 {[%clk 0:37:16]} 0-1

[Event "MP do lat 16 - dziewczeta"]
[Site "Sypniewo"]
[Date "2022.03.25"]
[Round "7.7"]
[White "Zybrant, Sandra"]
[Black "Rejniak, Zuzanna"]
[Result "0-1"]
[BlackElo "1816"]
[WhiteElo "1269"]
[LiveChessVersion "1.4.8"]

1. e4 {[%clk 1:30:57]} d6 {[%clk 1:30:14]} 2. d4 {[%clk 1:31:19]} Nf6
{[%clk 1:30:36]} 3. Bd3 {[%clk 1:31:00]} e5 {[%clk 1:30:58]} 4. dxe5
{[%clk 1:30:15]} dxe5 {[%clk 1:31:22]} 5. Nf3 {[%clk 1:30:41]} Nc6
{[%clk 1:31:44]} 6. O-O {[%clk 1:30:40]} Bg4 {[%clk 1:18:04]} 7. c3
{[%clk 1:23:52]} Qd7 {[%clk 1:13:32]} 8. Qe2 {[%clk 1:24:04]} O-O-O
{[%clk 1:11:50]} 9. Bc2 {[%clk 1:24:11]} Bd6 {[%clk 1:08:37]} 10. Be3
{[%clk 1:20:22]} Kb8 {[%clk 1:07:15]} 11. b4 {[%clk 1:16:47]} Ne7
{[%clk 1:05:43]} 12. Nbd2 {[%clk 1:14:52]} Ng6 {[%clk 1:02:44]} 13. Rfd1
{[%clk 1:13:48]} Nh4 {[%clk 0:57:58]} 14. Bg5 {[%clk 1:03:51]} Ng6
{[%clk 0:58:05]} 15. Nc4 {[%clk 0:57:27]} h6 {[%clk 0:57:42]} 16. Nxd6
{[%clk 0:50:48]} cxd6 {[%clk 0:57:27]} 17. Bc1 {[%clk 0:50:04]} Nh4
{[%clk 0:53:49]} 18. Bd3 {[%clk 0:37:21]} Bxf3 {[%clk 0:53:59]} 19. gxf3
{[%clk 0:37:26]} Qh3 {[%clk 0:54:24]} 20. Qf1 {[%clk 0:37:17]} Nxf3+
{[%clk 0:54:50]} 0-1

[Event "MP do lat 16 - dziewczeta"]
[Site "Sypniewo"]
[Date "2022.03.25"]
[Round "7.8"]
[White "Kucharska, Helena"]
[Black "Giemza, Julia"]
[Result "1-0"]
[BlackElo "1512"]
[WhiteElo "1687"]
[LiveChessVersion "1.4.8"]

1. d4 {[%clk 1:30:54]} Nf6 {[%clk 1:30:54]} 2. c4 {[%clk 1:31:12]} g6
{[%clk 1:31:16]} 3. Nc3 {[%clk 1:30:46]} Bg7 {[%clk 1:31:37]} 4. Nf3
{[%clk 1:30:37]} d6 {[%clk 1:31:32]} 5. g3 {[%clk 1:30:53]} O-O {[%clk 1:31:51]}
6. Bg2 {[%clk 1:30:59]} Nc6 {[%clk 1:31:47]} 7. O-O {[%clk 1:31:02]} Bf5
{[%clk 1:31:19]} 8. Bg5 {[%clk 1:23:21]} Ne4 {[%clk 1:26:55]} 9. Be3
{[%clk 1:19:02]} Nxc3 {[%clk 1:20:42]} 10. bxc3 {[%clk 1:18:51]} e5
{[%clk 1:19:47]} 11. Nh4 {[%clk 1:17:28]} Bc8 {[%clk 1:17:19]} 12. Rb1
{[%clk 1:10:57]} f5 {[%clk 1:13:37]} 13. Bd5+ {[%clk 1:07:50]} Kh8
{[%clk 1:13:45]} 14. Ng2 {[%clk 1:04:18]} Qf6 {[%clk 1:11:24]} 15. Qd2
{[%clk 0:57:01]} Qe7 {[%clk 1:04:11]} 16. Rfd1 {[%clk 0:50:34]} Na5
{[%clk 0:58:34]} 17. Bg5 {[%clk 0:43:33]} Qe8 {[%clk 0:55:35]} 18. Rb5
{[%clk 0:35:01]} Nc6 {[%clk 0:49:27]} 19. Bh6 {[%clk 0:30:17]} a6
{[%clk 0:38:56]} 20. Rb3 {[%clk 0:28:31]} Qe7 {[%clk 0:31:36]} 21. Bg5
{[%clk 0:21:16]} Qe8 {[%clk 0:30:41]} 22. Be3 {[%clk 0:17:06]} Nd8
{[%clk 0:28:19]} 23. dxe5 {[%clk 0:14:58]} c6 {[%clk 0:23:50]} 24. Bf3
{[%clk 0:15:00]} dxe5 {[%clk 0:23:30]} 25. Bc5 {[%clk 0:14:29]} Rg8
{[%clk 0:22:58]} 26. e4 {[%clk 0:12:19]} Be6 {[%clk 0:20:39]} 27. exf5
{[%clk 0:09:04]} gxf5 {[%clk 0:20:09]} 28. Be2 {[%clk 0:08:50]} Qf7
{[%clk 0:19:01]} 29. Bb6 {[%clk 0:07:56]} Qf6 {[%clk 0:17:31]} 30. Rb4
{[%clk 0:07:06]} Nf7 {[%clk 0:16:12]} 31. c5 {[%clk 0:06:49]} Bh6
{[%clk 0:15:01]} 32. Qc2 {[%clk 0:06:16]} f4 {[%clk 0:13:43]} 33. Bf1
{[%clk 0:04:54]} Bg4 {[%clk 0:11:37]} 34. Re1 {[%clk 0:04:56]} Ng5
{[%clk 0:11:24]} 35. Bc7 {[%clk 0:03:50]} Nf3+ {[%clk 0:10:43]} 36. Kh1
{[%clk 0:04:18]} Nxe1 {[%clk 0:09:42]} 37. Nxe1 {[%clk 0:04:39]} Rae8
{[%clk 0:08:05]} 38. Bd6 {[%clk 0:03:51]} Rg7 {[%clk 0:06:35]} 39. a4
{[%clk 0:01:47]} Rf7 {[%clk 0:04:38]} 40. Kg1 {[%clk 0:31:19]} a5
{[%clk 0:34:03]} 41. Rb2 {[%clk 0:28:26]} fxg3 {[%clk 0:28:42]} 42. hxg3
{[%clk 0:27:29]} e4 {[%clk 0:27:42]} 43. Bg2 {[%clk 0:23:56]} Bf5
{[%clk 0:25:56]} 44. Qb3 {[%clk 0:21:02]} Bg7 {[%clk 0:24:35]} 45. Re2
{[%clk 0:18:49]} Bg6 {[%clk 0:23:08]} 46. c4 {[%clk 0:14:17]} h5 {[%clk 0:20:11]}
47. f4 {[%clk 0:11:38]} Qf5 {[%clk 0:17:14]} 48. Qe3 {[%clk 0:06:33]} Qg4
{[%clk 0:14:02]} 49. Bf1 {[%clk 0:05:46]} Bf6 {[%clk 0:11:36]} 50. Rh2
{[%clk 0:05:53]} Qd1 {[%clk 0:10:36]} 51. Rd2 {[%clk 0:05:25]} Qxa4
{[%clk 0:09:11]} 52. f5 {[%clk 0:04:35]} Bh7 {[%clk 0:08:03]} 53. Qh6
{[%clk 0:02:49]} Rg7 {[%clk 0:04:46]} 54. Qxf6 {[%clk 0:02:22]} e3
{[%clk 0:04:46]} 55. Bf8 {[%clk 0:02:26]} Rxf8 {[%clk 0:04:29]} 56. Qxf8+
{[%clk 0:02:48]} Bg8 57. Rd6 {[%clk 0:01:41]} Rxg3+ {[%clk 0:04:01]} 58. Ng2
{[%clk 0:01:40]} Rg7 {[%clk 0:03:45]} 59. Rh6+ {[%clk 0:02:02]} 1-0

[Event "MP do lat 16 - dziewczeta"]
[Site "Sypniewo"]
[Date "2022.03.25"]
[Round "7.9"]
[White "Biniak, Zuzanna"]
[Black "Arciszewska, Zuzanna"]
[Result "0-1"]
[BlackElo "1589"]
[WhiteElo "1257"]
[LiveChessVersion "1.4.8"]

1. e4 {[%clk 1:30:57]} e5 {[%clk 1:30:51]} 2. Nf3 {[%clk 1:31:23]} Nc6
{[%clk 1:31:10]} 3. Bb5 {[%clk 1:31:48]} a6 {[%clk 1:31:19]} 4. Ba4
{[%clk 1:32:14]} Nf6 {[%clk 1:31:11]} 5. O-O {[%clk 1:32:34]} b5 {[%clk 1:30:57]}
6. Bb3 {[%clk 1:32:49]} Bc5 {[%clk 1:29:42]} 7. c3 {[%clk 1:32:32]} d6
{[%clk 1:28:06]} 8. d3 {[%clk 1:29:52]} O-O {[%clk 1:26:48]} 9. Nbd2
{[%clk 1:29:03]} Bb7 {[%clk 1:25:47]} 10. h3 {[%clk 1:28:19]} Bb6
{[%clk 1:23:07]} 11. Re1 {[%clk 1:26:52]} Ne7 {[%clk 1:21:29]} 12. Nf1
{[%clk 1:25:11]} Ng6 {[%clk 1:21:36]} 13. Ng3 {[%clk 1:23:52]} Re8
{[%clk 1:18:14]} 14. Be3 {[%clk 1:11:30]} Bxe3 {[%clk 1:16:11]} 15. fxe3
{[%clk 1:11:17]} d5 {[%clk 1:16:09]} 16. exd5 {[%clk 1:07:50]} Bxd5
{[%clk 1:15:06]} 17. Bxd5 {[%clk 1:06:16]} Nxd5 {[%clk 1:13:50]} 18. Qc2
{[%clk 0:59:59]} c5 {[%clk 1:09:48]} 19. Rad1 {[%clk 0:57:39]} Qb6
{[%clk 1:08:06]} 20. Qf2 {[%clk 0:38:31]} Rad8 {[%clk 1:06:50]} 21. e4
{[%clk 0:30:44]} Ndf4 {[%clk 1:05:03]} 22. d4 {[%clk 0:29:29]} exd4
{[%clk 1:00:09]} 23. cxd4 {[%clk 0:29:46]} c4 {[%clk 0:59:24]} 24. Qe3
{[%clk 0:23:17]} Nd3 {[%clk 0:58:37]} 25. Re2 {[%clk 0:23:04]} Ngf4
{[%clk 0:58:09]} 26. Red2 {[%clk 0:22:32]} Qh6 {[%clk 0:54:56]} 27. Nf1
{[%clk 0:18:50]} Qg6 {[%clk 0:52:37]} 28. Ne5 {[%clk 0:14:42]} Qb6
{[%clk 0:52:40]} 29. Nf3 {[%clk 0:14:00]} Nd5 {[%clk 0:48:46]} 30. Qe2
{[%clk 0:12:17]} N5b4 {[%clk 0:48:13]} 31. a3 {[%clk 0:07:20]} Nc6
{[%clk 0:48:22]} 32. Rxd3 {[%clk 0:07:15]} cxd3 {[%clk 0:48:44]} 33. Qxd3
{[%clk 0:07:15]} Re7 {[%clk 0:46:28]} 34. Ne3 {[%clk 0:06:04]} Red7
{[%clk 0:45:14]} 35. Nd5 {[%clk 0:05:17]} Qb8 {[%clk 0:44:03]} 36. b4
{[%clk 0:04:29]} f5 {[%clk 0:37:59]} 37. Ne3 {[%clk 0:01:56]} fxe4
{[%clk 0:35:30]} 38. Qxe4 {[%clk 0:02:13]} Qd6 {[%clk 0:33:08]} 39. Nf5
{[%clk 0:01:18]} Qf6 {[%clk 0:31:31]} 40. d5 {[%clk 0:31:16]} Ne7
{[%clk 1:01:23]} 41. Ne3 {[%clk 0:24:02]} Ng6 {[%clk 0:59:11]} 42. Nd4
{[%clk 0:20:18]} Nf4 {[%clk 0:54:52]} 43. Rf1 {[%clk 0:16:34]} Qxd4
{[%clk 0:54:39]} 44. Rxf4 {[%clk 0:15:30]} Qxe4 {[%clk 0:54:36]} 45. Rxe4
{[%clk 0:15:49]} Kf7 {[%clk 0:54:53]} 46. Kf2 {[%clk 0:15:01]} Re7
{[%clk 0:53:35]} 47. Rd4 {[%clk 0:12:01]} Kf6 {[%clk 0:51:40]} 48. Kf3
{[%clk 0:11:32]} g6 {[%clk 0:43:47]} 49. Ng4+ {[%clk 0:08:47]} Kg7
{[%clk 0:43:06]} 50. Ne3 {[%clk 0:08:01]} Rc8 {[%clk 0:41:30]} 51. Rd3
{[%clk 0:07:23]} Rf8+ {[%clk 0:40:29]} 52. Kg3 {[%clk 0:05:47]} Rd8
{[%clk 0:39:30]} 53. Kf3 {[%clk 0:05:48]} Kf6 {[%clk 0:38:37]} 54. Ng4+
{[%clk 0:04:32]} Kf5 {[%clk 0:36:51]} 55. Kg3 {[%clk 0:03:04]} Rc7
{[%clk 0:31:48]} 56. Kf3 {[%clk 0:01:23]} h5 {[%clk 0:31:15]} 57. Ne3+
{[%clk 0:01:05]} Ke5 {[%clk 0:31:30]} 58. g4 {[%clk 0:00:50]} Rf7+
{[%clk 0:31:28]} 59. Ke2 {[%clk 0:01:04]} Ke4 {[%clk 0:29:22]} 60. Nd1
{[%clk 0:00:45]} Ke5 {[%clk 0:28:36]} 61. Re3+ {[%clk 0:01:02]} Kf6
{[%clk 0:28:04]} 62. Re6+ {[%clk 0:01:11]} Kg5 {[%clk 0:27:36]} 63. Ne3
{[%clk 0:01:27]} Rf6 {[%clk 0:26:39]} 64. Re4 {[%clk 0:01:02]} Rfd6
{[%clk 0:24:05]} 65. Re5+ {[%clk 0:00:44]} Kf4 {[%clk 0:22:05]} 66. Re7
{[%clk 0:01:05]} hxg4 {[%clk 0:20:50]} 67. hxg4 {[%clk 0:01:27]} Rh8
{[%clk 0:20:34]} 68. Kd3 {[%clk 0:01:20]} Kg5 {[%clk 0:16:19]} 69. Kd4
{[%clk 0:01:32]} Kf6 {[%clk 0:16:42]} 70. Re4 {[%clk 0:01:55]} Rc8
{[%clk 0:16:20]} 71. Rf4+ {[%clk 0:00:58]} Ke7 {[%clk 0:15:47]} 72. Re4+
{[%clk 0:01:14]} Kd7 {[%clk 0:15:59]} 73. Rf4 {[%clk 0:01:20]} Ke7
{[%clk 0:12:46]} 74. Re4+ {[%clk 0:01:43]} Kf7 {[%clk 0:12:13]} 75. Rf4+
{[%clk 0:01:59]} Rf6 {[%clk 0:12:06]} 76. Re4 {[%clk 0:02:16]} Re8
{[%clk 0:11:45]} 77. Rxe8 {[%clk 0:01:28]} Kxe8 {[%clk 0:12:14]} 78. Ke5
{[%clk 0:01:36]} Rf3 {[%clk 0:12:40]} 79. Ke4 {[%clk 0:01:56]} Rf2
{[%clk 0:12:57]} 80. Kd3 {[%clk 0:01:29]} Kd7 {[%clk 0:12:55]} 81. Nd1
{[%clk 0:00:44]} Ra2 {[%clk 0:12:40]} 82. Nc3 {[%clk 0:01:03]} Rxa3
{[%clk 0:12:38]} 83. Kd4 {[%clk 0:01:30]} Rb3 {[%clk 0:12:52]} 84. Ne4
{[%clk 0:00:52]} Rxb4+ {[%clk 0:13:19]} 85. Ke5 {[%clk 0:01:14]} Rxe4+
{[%clk 0:12:31]} 86. Kxe4 {[%clk 0:01:37]} Kd6 {[%clk 0:12:59]} 87. Kd4
{[%clk 0:01:59]} a5 {[%clk 0:13:21]} 88. Ke3 {[%clk 0:02:18]} a4 {[%clk 0:13:37]}
89. Kd3 {[%clk 0:02:40]} Kxd5 {[%clk 0:13:36]} 90. Kc3 {[%clk 0:03:05]} Kc5
{[%clk 0:14:02]} 91. g5 {[%clk 0:03:30]} b4+ {[%clk 0:14:24]} 92. Kb2
{[%clk 0:03:57]} Kc4 {[%clk 0:14:47]} 93. Ka2 {[%clk 0:04:24]} Kc3
{[%clk 0:15:04]} 94. Kb1 {[%clk 0:04:43]} Kb3 {[%clk 0:15:23]} 95. Ka1
{[%clk 0:05:07]} Kc2 {[%clk 0:15:36]} 96. Ka2 {[%clk 0:05:32]} b3+
{[%clk 0:16:02]} 0-1

[Event "MP do lat 16 - dziewczeta"]
[Site "Sypniewo"]
[Date "2022.03.25"]
[Round "7.10"]
[White "Dallemura, Anna"]
[Black "Szczotka, Matylda"]
[Result "1-0"]
[BlackElo "1479"]
[WhiteElo "1518"]
[LiveChessVersion "1.4.8"]

1. e4 {[%clk 1:30:59]} e5 {[%clk 1:30:56]} 2. Nf3 {[%clk 1:31:22]} Nc6
{[%clk 1:31:23]} 3. Bc4 {[%clk 1:31:45]} Bc5 {[%clk 1:31:48]} 4. c3
{[%clk 1:32:05]} Nf6 {[%clk 1:32:06]} 5. d3 {[%clk 1:32:24]} d6 {[%clk 1:32:24]}
6. Bb3 {[%clk 1:32:43]} a6 {[%clk 1:32:24]} 7. h3 {[%clk 1:32:50]} h6
{[%clk 1:32:27]} 8. Nbd2 {[%clk 1:32:38]} Ba7 {[%clk 1:32:00]} 9. Nf1
{[%clk 1:32:12]} Be6 {[%clk 1:31:08]} 10. Bc2 {[%clk 1:31:49]} Ne7
{[%clk 1:29:49]} 11. Ng3 {[%clk 1:30:39]} Ng6 {[%clk 1:25:25]} 12. O-O
{[%clk 1:27:16]} O-O {[%clk 1:23:40]} 13. Be3 {[%clk 1:23:16]} Qd7
{[%clk 1:08:34]} 14. d4 {[%clk 1:18:43]} c6 {[%clk 1:01:42]} 15. Qd2
{[%clk 1:16:09]} Qe7 {[%clk 0:43:02]} 16. Nf5 {[%clk 1:02:54]} Bxf5
{[%clk 0:37:57]} 17. exf5 {[%clk 1:02:45]} Nh8 {[%clk 0:32:54]} 18. dxe5
{[%clk 0:58:46]} dxe5 {[%clk 0:31:53]} 19. Bxa7 {[%clk 0:58:57]} Rxa7
{[%clk 0:31:33]} 20. Qe3 {[%clk 0:59:04]} Raa8 {[%clk 0:31:19]} 21. Qxe5
{[%clk 0:58:25]} Qxe5 {[%clk 0:28:25]} 22. Nxe5 {[%clk 0:58:53]} Rad8
{[%clk 0:26:13]} 23. Nf3 {[%clk 0:54:09]} Nd5 {[%clk 0:21:58]} 24. Bb3
{[%clk 0:50:28]} Nf4 {[%clk 0:17:46]} 25. Rfe1 {[%clk 0:42:50]} Rfe8
{[%clk 0:12:17]} 26. Kf1 {[%clk 0:37:22]} Rxe1+ {[%clk 0:10:56]} 27. Rxe1
{[%clk 0:36:00]} Kf8 {[%clk 0:10:18]} 28. Rd1 {[%clk 0:29:02]} Rxd1+
{[%clk 0:09:03]} 29. Bxd1 {[%clk 0:29:31]} Ke7 {[%clk 0:09:04]} 30. Bc2
{[%clk 0:28:49]} Kd6 {[%clk 0:07:48]} 31. Nd2 {[%clk 0:27:20]} g6
{[%clk 0:01:48]} 32. h4 {[%clk 0:21:20]} gxf5 {[%clk 0:01:15]} 33. Bxf5
{[%clk 0:21:35]} Nhg6 {[%clk 0:01:24]} 34. g3 {[%clk 0:18:24]} Nd5
{[%clk 0:01:22]} 35. Ke2 {[%clk 0:16:56]} Nge7 {[%clk 0:01:03]} 36. Bc2
{[%clk 0:16:19]} f6 {[%clk 0:00:43]} 37. Ne4+ {[%clk 0:15:16]} Kc7
{[%clk 0:00:50]} 38. Kf3 {[%clk 0:13:23]} b6 {[%clk 0:00:40]} 39. Nd2
{[%clk 0:12:37]} Nc8 {[%clk 0:00:39]} 40. Kg4 {[%clk 0:41:40]} Nde7
{[%clk 0:30:41]} 41. Kh5 {[%clk 0:41:19]} f5 {[%clk 0:26:18]} 42. Kxh6
{[%clk 0:40:38]} Kd6 {[%clk 0:25:37]} 43. Kg5 {[%clk 0:39:24]} Ke6
{[%clk 0:25:25]} 44. g4 {[%clk 0:34:44]} fxg4 {[%clk 0:25:01]} 45. Kxg4
{[%clk 0:35:07]} Nd6 {[%clk 0:25:05]} 46. h5 {[%clk 0:32:46]} Nf7
{[%clk 0:24:33]} 47. Bb3+ {[%clk 0:32:20]} Kf6 {[%clk 0:24:51]} 48. Bxf7
{[%clk 0:32:06]} Kxf7 {[%clk 0:25:20]} 49. Kg5 {[%clk 0:31:03]} Kg7
{[%clk 0:25:20]} 50. f4 {[%clk 0:29:46]} Nd5 {[%clk 0:25:29]} 51. f5
{[%clk 0:29:47]} Nf6 {[%clk 0:25:33]} 52. h6+ {[%clk 0:28:19]} Kf7
{[%clk 0:25:55]} 53. Nc4 {[%clk 0:27:49]} Nh7+ {[%clk 0:25:56]} 54. Kf4
{[%clk 0:28:07]} b5 {[%clk 0:26:09]} 55. Ne5+ {[%clk 0:28:25]} Ke7
{[%clk 0:26:03]} 56. Nxc6+ {[%clk 0:28:36]} Kd6 {[%clk 0:26:27]} 57. Nd4
{[%clk 0:28:26]} Kd5 {[%clk 0:26:48]} 58. Kg4 {[%clk 0:28:07]} b4
{[%clk 0:26:55]} 59. Kh5 {[%clk 0:27:23]} bxc3 {[%clk 0:26:53]} 60. bxc3
{[%clk 0:27:47]} Kc4 {[%clk 0:26:26]} 1-0

[Event "MP do lat 16 - dziewczeta"]
[Site "Sypniewo"]
[Date "2022.03.25"]
[Round "7.11"]
[White "Uliasz, Katarzyna"]
[Black "Boguszewska, Julia"]
[Result "1-0"]
[BlackElo "1034"]
[WhiteElo "1575"]
[LiveChessVersion "1.4.8"]

1. Nf3 {[%clk 1:30:57]} d5 {[%clk 1:30:56]} 2. g3 {[%clk 1:31:22]} c5
{[%clk 1:30:59]} 3. Bg2 {[%clk 1:31:45]} Nf6 {[%clk 1:28:24]} 4. O-O
{[%clk 1:31:58]} e6 {[%clk 1:28:12]} 5. d3 {[%clk 1:32:13]} h6 {[%clk 1:28:07]}
6. Nbd2 {[%clk 1:32:14]} Be7 {[%clk 1:27:55]} 7. e4 {[%clk 1:31:28]} Nc6
{[%clk 1:15:20]} 8. Re1 {[%clk 1:27:36]} O-O {[%clk 1:09:24]} 9. c3
{[%clk 1:25:51]} dxe4 {[%clk 0:49:24]} 10. dxe4 {[%clk 1:25:44]} Ng4
{[%clk 0:46:39]} 11. e5 {[%clk 1:15:42]} Qc7 {[%clk 0:39:59]} 12. Qe2
{[%clk 1:15:29]} h5 {[%clk 0:39:27]} 13. h3 {[%clk 1:05:41]} Nh6 {[%clk 0:38:08]}
14. Nh2 {[%clk 1:05:24]} Nf5 {[%clk 0:31:24]} 15. Ndf3 {[%clk 0:57:12]} g6
{[%clk 0:26:22]} 16. g4 {[%clk 0:51:21]} hxg4 {[%clk 0:22:39]} 17. hxg4
{[%clk 0:49:57]} Ng7 {[%clk 0:20:20]} 18. g5 {[%clk 0:48:30]} b6 {[%clk 0:14:20]}
19. Ng4 {[%clk 0:48:17]} Nf5 {[%clk 0:13:22]} 20. Nf6+ {[%clk 0:47:37]} Bxf6
{[%clk 0:13:14]} 21. gxf6 {[%clk 0:47:25]} Bb7 {[%clk 0:12:42]} 22. Bh3
{[%clk 0:46:00]} Na5 {[%clk 0:06:40]} 23. Bxf5 {[%clk 0:44:29]} Bxf3
{[%clk 0:03:42]} 24. Qxf3 {[%clk 0:44:34]} exf5 {[%clk 0:03:54]} 25. Qf4
{[%clk 0:44:31]} 1-0